000 00638nam a2200193 a 4500
001 000040817
005 20201002034412.0
008 130906s2009 sp 001 0 spa d
020 _a9788420540115
040 _aDO-SdBNP
_bspa
_cBNPHU
082 _axxxx
_bxxxx
100 1 _aKotler, Philip
_938372
245 1 4 _aLos 80 conceptos esenciales de marketing de la A a la Z /
_cPhilip Kotler.
246 1 4 _aLos ochenta conceptos esenciales de marketing de la A a la Z
260 _aMadrid, :
_bPearson educación,
_c2009.
300 _axxii, 179 p. ;
_c24 cm.
500 _aIncluye índice analítico
504 _aBibliografías : p. 159-162
999 _c40307
_d40307